Normal view
MARC view
- Shabbir, Nida
Entry Personal Name
001 - CONTROL NUMBER
- control field: 132235
003 - CONTROL NUMBER IDENTIFIER
- control field: NUST
005 - DATE AND TIME OF LATEST TRANSACTION
- control field: 20251212102244.0
008 - FIXED-LENGTH DATA ELEMENTS
- fixed length control field: 251212|| aca||aabn | a|a d
040 ## - CATALOGING SOURCE
- Original cataloging agency: NUST
- Transcribing agency: NUST
100 ## - HEADING--PERSONAL NAME
- Personal name: Shabbir, Nida
670 ## - SOURCE DATA FOUND
- Source citation: Work cat.: (NUST): Shabbir, Nida , High-Density Surface Electromyography for the Assessment and Evaluation of Low Back Pain /
